1698 1059 1221 1899 1751 1118 1283 1323 1906 1677 1857 1288 1967 1588 1126 1225 1073 1225 1476 1649 1607 1391 1767 1218 1395 1119 1245 1122 1202 1672 1307 1152 1180 1675 1501 1883 1090 1998 1988 1530 1110 1634 1056 1568 1466 1587 1135 1153 1116 1972 1151 1725 1127 1098 1939 1498 1276 1405 1888 1592 1212 1126 1918 1664 1107 1652 1490 1500 1100 1732 1226 1088 1361 1836 1466 1602 1606 1026 1007 1558 1327 1373 1588 1434 1472 1727 1396 1200 1308 1005 1463 1452 1335 1593 1170 1457 1361 1314 1704 BCNSPRNW ULIB Ver.6.0+V

เปลี่ยนเป็นภาษาไทย

Change to English
 แสดงรายละเอียดบรรณานุกรม
  กลับหน้าหลัก

Brief Record : Get Marc (ISO 2709) : E-mail record : QR code < ปิดหน้าต่าง
LEADER : 00000nam 2200000uu 4500
001    13399126932
003     ULIB
008    190907s2562||||th 000 0 tha d
020    ^a9786164432680
060    ^aWB115^bร275อ
100    ^aระวีวรรณ เลิศวัฒนารักษ์ มณฑิรา มณีรัตนะพร สุรัตน์ ทองอยู่ และนัฐพล ฤทธิ์ทยมัย
245    ^aอายุรศาสตร์ทันยุค ๒๕๖๒(Update in Internal Medicine 2019)
250    ^aพิมพ์ครั้งที่ 1
260    ^aกรุงเทพฯ :^bภาควิชาอายุรศาสตร์ คณะแพทยศาสตร์ศิริราชพยาบาล,^c2562
300    ^a395 หน้า^bภาพประกอบ, ตาราง, ภาคผนวก
650    ^aอายุรศาสตร์
945    ^p400^l0^i27639
945    ^p400^l0^i27638
945    ^p400^l0^i27637
945    ^p400^l0^i27636
945    ^p400^l0^i27635
945    ^p400^l0^i28134
945    ^p400^l0^i28135
999    ^aกัณชพร จุลอักษร
รายการนี้ยังไม่มีแท็ก
คุณยังไม่ได้ล็อกอิน คุณสามารถมีกิจกรรมร่วมกับเว็บไซต์ได้ แต่ต้องล็อกอินก่อน ::
  ล็อกอิน

รายการสื่อสารสนเทศ

ลำดับที่ ประเภท เลขเรียก/บาร์โค้ด สถานที่ สถานะ
1. หนังสือสำรอง
หนังสือสำรอง
WB115 ร275อ ฉ.1 
  Barcode: 27635
ห้องสมุดวิทยาเขตนครสวรรค์
►หนังสือทั่วไป:l:General Books
บนชั้น
2. วิทยาศาสตร์การแพทย์ และสุขภาพ
วิทยาศาสตร์การแพทย์ และสุขภาพ
WB115 ร275อ ฉ.2 
  Barcode: 27636
ห้องสมุดวิทยาเขตนครสวรรค์
►หนังสือทั่วไป:l:General Books
บนชั้น
3. วิทยาศาสตร์การแพทย์ และสุขภาพ
วิทยาศาสตร์การแพทย์ และสุขภาพ
WB115 ร275อ ฉ.3 
  Barcode: 27637
ห้องสมุดวิทยาเขตนครสวรรค์
►หนังสือทั่วไป:l:General Books
บนชั้น
4. วิทยาศาสตร์การแพทย์ และสุขภาพ
วิทยาศาสตร์การแพทย์ และสุขภาพ
WB115 ร275อ ฉ.4 
  Barcode: 27638
ห้องสมุดวิทยาเขตนครสวรรค์
►หนังสือทั่วไป:l:General Books
บนชั้น
5. วิทยาศาสตร์การแพทย์ และสุขภาพ
วิทยาศาสตร์การแพทย์ และสุขภาพ
WB115 ร275อ ฉ.5 
  Barcode: 27639
ห้องสมุดวิทยาเขตนครสวรรค์
►หนังสือทั่วไป:l:General Books
บนชั้น
6. วิทยาศาสตร์การแพทย์ และสุขภาพ
วิทยาศาสตร์การแพทย์ และสุขภาพ
WB115 ร275อ ฉ.6 
  Barcode: 28134
ห้องสมุดวิทยาเขตนครสวรรค์
►หนังสือทั่วไป:l:General Books
บนชั้น
7. วิทยาศาสตร์การแพทย์ และสุขภาพ
วิทยาศาสตร์การแพทย์ และสุขภาพ
WB115 ร275อ ฉ.7 
  Barcode: 28135
ห้องสมุดวิทยาเขตนครสวรรค์
►หนังสือทั่วไป:l:General Books
บนชั้น

รายการใกล้เคียง
    ชื่อเรื่อง [อายุรศาสตร์ทันยุค ๒๕๖๒(Update in Internal Medicine 2019)]

    ผู้แต่ง [ระวีวรรณ เลิศวัฒนารักษ์ มณฑิรา มณีรัตนะพร สุรัตน์ ทองอยู่ และนัฐพล ฤทธิ์ทยมัย]

    หัวเรื่อง [อายุรศาสตร์]

BibComment


ยังไม่เคยถูกคอมเมนท์

คอมเมนท์ทรัพยากรรายการนี้
  คอมเมนท์: อายุรศาสตร์ทันยุ..


 Copyright 2026. Bcnsprnw @Library